000 01727cam a22004574a 4500
001 127199
005 20230410142343.0
008 051008m20052009es 000 0 spa
035 _a14143179
010 _a 2006368450
020 _a9992349085 (t.1)
020 _a9992349441 (t.2)
020 _a9789992349618 (t.3)
020 _a9789992349731 (t.4)
020 _a9789992359037 (t.5)
020 _a9789992359228 (t.6)
035 _a(NcChVT)VT99ES164
040 _aDLC
_cDLC
041 _aSpa
050 1 4 _aBX 1756
_bR763h 2005
082 0 0 _a251
100 1 _aRomero, Óscar A.
_q(Óscar Arnulfo),
_d1917-1980.
245 1 0 _aHomilías /
_cÓscar Romero ; [editor, Miguel Cavada Diez].
250 _a1. ed.
260 _aSan Salvador, El Salvador :
_bUCA Editores,
_c2005-2009.
300 _a6 v. ;
_c21 cm.
490 0 _aColección Teología Latinomericana ;
_vv. 32
504 _aIncludes bibliographical references and indexes.
505 0 _at. 1. Ciclo C : 14 de marzo de 1977-25 de noviembre de 1977 -- t. 2. Ciclo A : 27 de noviembre de 1977-28 de mayo de 1978 -- t. 3. Ciclo A : 4 de junio de 1978- 29 de noviembre de 1978 -- t. 4. Ciclo B : 3 de diciembre de 1978-17 de junio de 1979 -- t. 5. Ciclo B : 21 de junio de 1979-25 de noviembre de 1979 -- t. 6. Ciclo C : 9 de diciembre de 1979-24 de marzo de 1980.
600 1 0 _aRomero, Oscar A.
_q(Oscar Arnulfo),
_d1917-1980.
610 2 0 _aCatholic Church
_vSermons.
650 0 _aSermons, Spanish.
650 4 _aIglesia Católica
_xSermones.
650 4 _aSermones.
650 4 _aOratoria sagrada.
700 1 _aCavada Diez, Miguel.
923 _d20050914
_n6485
_sNcChVT
942 _2lcc
_cbk
946 _advf
985 _eVENDOR LOAD
999 _c94149
_d94149